000 00934nam0a22002531 4500
001 v19\rc\1591336
005 20260406100756.0
035 _a(NLR Aleph) 005237899
090 _a5673683
_c5673683
100 _a20061002d1895 |||y0rusy50 ca
101 0 _arus
102 _aRU
105 _ay z |||||
200 1 _aМероприятия для успеха военной эксплоатации железных дорог
_fА. фон-Вендрих
210 _aСанкт-Петербург
_cтип. Гл. упр. уделов
_d1895
215 _a23 с.
_d24
700 1 _8rus
_7ca
_aВендрих
_bА. А. фон
_f1845-
_gАльфред Альфредович фон
_3RU\NLR\AUTH\7777708
_960636
801 2 _aRU
_bNLR
_c20090605
_2rusmarc
801 0 _aRU
_bNLR
_c20061002
_gpsbo
801 0 _aRU
_bRuMoRGB
_c20061002
_2psbo
801 1 _aRU
_bProSoft-M
_c20061002
_2rusmarc
852 _aNLR
_j18.166.4.342
942 _cBOOK
980 _aNB